[Event "AUT-ch U14 Online Rapid"]
[Site "Playchess.com INT"]
[Date "2020.12.13"]
[Round "7"]
[White "Schwarz, Rene"]
[Black "Cop, David"]
[Result "1/2-1/2"]
[WhiteElo "1586"]
[BlackElo "1179"]
[PlyCount "151"]
[EventDate "2020.12.13"]
[EventType "swiss (rapid)"]
[EventRounds "7"]
[EventCountry "AUT"]
[SourceTitle "EXT 2022"]
[Source "ChessBase"]
[SourceDate "2021.10.06"]
[SourceVersion "1"]
[SourceVersionDate "2021.10.06"]
[SourceQuality "1"]

1. d4 Nf6 2. e3 d5 3. Nf3 Nc6 4. g3 Bf5 5. Bg2 e6 6. 0-0 Be7 7. b3 0-0 8. Bb2 h6 9. c4 dxc4 10. bxc4 Na5 11. c5 Nc4 12. Bc1 Ne4 13. Nbd2 Ncxd2 14. Nxd2 Nxd2 15. Qxd2 c6 16. Bb2 e5 17. e4 Bg6 18. Rad1 exd4 19. Qxd4 Qxd4 20. Rxd4 Bxc5 21. Rd7 Rab8 22. e5 Bf5 23. Rd2 Rfd8 24. Rfd1 Bb6 25. a4 Rxd2 26. Rxd2 Rd8 27. Rxd8+ Bxd8 28. Bd4 a6 29. Bc3 Kf8 30. Kf1 f6 31. exf6 Bxf6 32. Bb4+ Be7 33. Bc3 g5 34. Ke2 Kf7 35. Ke3 Bc5+ 36. Bd4 Bxd4+ 37. Kxd4 Ke6 38. Kc5 Kd7 39. Kb6 Kc8 40. h4 gxh4 41. gxh4 Bc2 42. a5 Bb3 43. f4 Bd1 44. f5 Bh5 45. f6 Bf7 46. Bf1 Kb8 47. Kc5 Kc7 48. Bc4 Bxc4 49. Kxc4 Kd7 50. Kc5 Ke6 51. Kb6 Kxf6 52. Kxb7 c5 53. Kxa6 c4 54. Kb7 c3 55. a6 c2 56. a7 c1Q 57. a8Q Qh1+ 58. Ka7 Qxa8+ 59. Kxa8 Kf5 60. Kb7 Kg4 61. Kc6 Kxh4 62. Kd5 Kg4 63. Ke4 h5 64. Ke3 Kg3 65. Ke2 h4 66. Kf1 Kh2 67. Kf2 Kh1 68. Kf1 h3 69. Kf2 Kh2 70. Kf1 Kg3 71. Kg1 Kg4 72. Kh2 Kh4 73. Kh1 Kg3 74. Kg1 Kg4 75. Kh2 Kh4 76. Kh1 1/2-1/2